000 00588nam a2200169 i 4500
001 24913
003 ES-MaACL
005 20230906153147.0
007 t|
008 021219s1913 ag ||||1| spa d
100 1 _aAngulo, José G.
_921779
245 1 4 _aLos tatuados en la penitenciaría nacional
_b: (programa para un estudio sobre los tatuajes en la Argentina) /
_cJosé G. Angulo.
260 _aBuenos Aires :
_b[s.n.],
_c1913 (
_fTalleres Gráficos La Penitenciaría Nacional)
300 _a24 p. :
_bil. ;
_c26 cm.
650 _aTatuajes.
_9155585
852 _aES-MaACL
_jT-1352-F-10
999 _c24913
_d24913